000 00218nam a2200085Ia 4500
008 120527s9999 xx 000 0 und d
100 _aANADU,D.I
245 _aFisheries and aqaculture development in Nigeria.
942 _cBK
999 _c24121
_d24121